Statistics for San Jose Sharks Roster 2022

Click here to take the quiz!

General Stats

  • This quiz has been taken 282 times
    (105 since last reset)
  • The average score is 10 of 23

Answer Stats

Pos, #BirthplacePlayer% Correct
D, 65Jönköping, SWEErik Karlsson
91%
F, 48Praha, CZETomáš Hertl
86%
F, 28Appenzell Ausserrhoden, SUITimo Meier
82%
F, 39Ontario, CANLogan Couture
80%
D, 44Quebec, CANMarc-Édouard Vlasic
72%
G, 36Uusimaa, FINKaapo Kähkönen
60%
G, 47Manitoba, CANJames Reimer
55%
F, 62New York, USAKevin Labanc
51%
F, 94Sankt-Peterburg, RUSAlexander Barabanov
43%
D, 38Ontario, CANMario Ferraro
42%
F, 7Bayern, DEUNico Sturm
42%
F, 83California, USAMatthew Nieto
40%
D, 51Střední Čechy, CZERadim Šimek
37%
D, 5Alberta, CANMatt Benning
29%
F, 10Sakhalín, RUSEvgeny Svechnikov
28%
F, 13Connecticut, USANick Bonino
28%
F, 11Missouri, USALuke Kunin
26%
F, 23Gävleborg, SWEOskar Lindblom
26%
F, 42Ontario, CANJonah Gadjovich
20%
F, 73Alberta, CANNoah Gregor
20%
F, 16Ontario, CANSteven Lorentz
18%
D, 24Florida, USAJaycob Megna
17%
D, 4Ontario, CANScott Harrington
17%

Score Distribution

Percentile by Number Answered

Percent of People with Each Score

Your Score History

You have not taken this quiz since the last reset